| 000 | 00839nam a2200229Ii 4500 | ||
|---|---|---|---|
| 003 | JO-AjNU | ||
| 008 | 230605s9999||||xx |||||||||||||| ||und|| | ||
| 017 | _a1439/10536 | ||
| 020 | _a978-1-84905-268-9 | ||
| 040 |
_aJO-AjNU _bara _erda _cJO-AjNU |
||
| 041 | _aara | ||
| 050 | 1 | 4 | _aRC424.K427125 2017 |
| 100 | 3 |
_aتاليف كيلمن، ألين، اليسون وايت؛ ترجمة حسين عبده ربايعة, _eauthor _958950 |
|
| 245 | 0 | 0 | _aالتلعثم أو التأتاة |
| 250 | _aط1 | ||
| 264 | 3 | 1 | _aالرياض: جامعة الامام محمد بن سعود الاسلامية، 2017 |
| 300 | _a198ص | ||
| 336 |
_atext _btxt _2rdacontent |
||
| 337 |
_aunmediated _bn _2rdamedia |
||
| 338 |
_avolume _bnc _2rdacarrier |
||
| 650 | 4 |
_aالتأتاه-علاج-جوانب نفسية-اضطرابات النطق _958951 |
|
| 999 |
_aA26503 _c30071 _d30071 |
||